Handbook of Electrical & Electronic Insulating Materials / (Record no. 190571)
[ view plain ]
| 000 -LEADER | |
|---|---|
| fixed length control field | 01105 a2200181 4500 |
| 003 - CONTROL NUMBER IDENTIFIER | |
| control field | Nust |
| 005 - DATE AND TIME OF LATEST TRANSACTION | |
| control field | 20221122122911.0 |
| 020 ## - INTERNATIONAL STANDARD BOOK NUMBER | |
| International Standard Book Number | 8172249829 |
| 040 ## - CATALOGING SOURCE | |
| Transcribing agency | Nust |
| 082 ## - DEWEY DECIMAL CLASSIFICATION NUMBER | |
| Classification number | 621.381,SHU |
| 100 ## - MAIN ENTRY--PERSONAL NAME | |
| Personal name | Shugg, W. Tillar |
| 9 (RLIN) | 103331 |
| 245 ## - TITLE STATEMENT | |
| Title | Handbook of Electrical & Electronic Insulating Materials / |
| Statement of responsibility, etc. | W. Tillar Shugg |
| 260 ## - PUBLICATION, DISTRIBUTION, ETC. | |
| Place of publication, distribution, etc. | Mumbai |
| Name of publisher, distributor, etc. | jaico publishing house |
| Date of publication, distribution, etc. | 2002 |
| 300 ## - PHYSICAL DESCRIPTION | |
| Extent | xv,598p |
| 505 ## - FORMATTED CONTENTS NOTE | |
| Formatted contents note | Fundamentals(Page-1), Thermoplastic Molding Compounds (Page-13), Thermosetting Molding Compounds (Page-87), Extrusion Compounds (Page-111), Embedding Compounds (Page-155), Magnet Wire Enamels (Page-177), Insulating Coatings and Impregnants (Page-223), Unclad and Clad Structures(Page-255), Dielectric Films (Page-291), Dielectric Papers and Boards (Page-319),Tapes and Coated Fabric (Page-335), Tubing and Sleeving (Page-381), Mica and Mica Products (Page-419), Ceramic and Glass Insulations (Page-435), Dielectric Gases (Page-451), Dielectric Liquids (Page-471), Industry Activities (Page-495), Government Activities (Page-513). |
| 650 ## - SUBJECT ADDED ENTRY--TOPICAL TERM | |
| Topical term or geographic name entry element | Telecommunication Engineering |
| 942 ## - ADDED ENTRY ELEMENTS (KOHA) | |
| Source of classification or shelving scheme | |
| Koha item type | Book |
| Withdrawn status | Lost status | Source of classification or shelving scheme | Damaged status | Not for loan | Permanent Location | Current Location | Shelving location | Date acquired | Full call number | Barcode | Date last seen | Price effective from | Koha item type | Public note |
|---|---|---|---|---|---|---|---|---|---|---|---|---|---|---|
| Military College of Signals (MCS) | Military College of Signals (MCS) | General Stacks | 12/12/2016 | 621.381,SHU | MCS31018 | 12/08/2016 | 12/12/2016 | Book | Almirah No.31, Shelf No.6 |
